000 01339nam2a22002531 4500
001 rc\610299
005 20250621231417.0
035 _a(NLR Aleph) 005971380
090 _a6938882
_c6938882
100 _a20031121d1986 |||y0rusy50 ca
101 0 _arus
102 _aRU
105 _aa |||||||||
200 0 _aЧ. 5
210 _d1986
_aБ. м.
215 _a200 с.
_cил.
300 _aВ надзаг.: АН СССР. Науч. совет по комплекс. пробл. "Кибернетика", Минвуз РСФСР, Ленингр. ин-т авиац. приборостроения
320 _aБиблиогр. в конце докл.
461 0 _1001rc\610295
_12001#$aIX симпозиум по проблеме избыточности в информационных системах, 3 июня - 8 июня 1986 года$eТез. докл.$vЧ. 5
_96938846
_aСимпозиум по проблеме избыточности в информ. системах (9 ; 1986 ; Ленинград)
_cЛ.
_d1986
_nЛИАП
_oТез. докл.
_tIX симпозиум по проблеме избыточности в информационных системах, 3 июня - 8 июня 1986 года
_vЧ. 5
801 0 _aRU
_bNLR
_gpsbo
801 1 _aRU
_bELAR
_2rusmarc
852 _aNLR
_j87-3/9559
942 _cBOOK
980 _aNB